000 00601nam a2200169Ia 4500
008 090201s9999 xx 000 0 und d
010 _aKPL-28042
040 _bमराठी
041 _aमराठी
082 _a27950
_b28042
100 _aअलेक्सी रिनिकोव
245 _aसोविएत संसद कसे कार्य करते?
_cअलेक्सी रिनिकोव
260 _c2004
_bअ.ब.क.
300 _a90
_bमोठा
600 _aसोविएत संसद कसे कार्य करते?
942 _cBOOK
999 _c226733
_d226733